| 000 | 00803nam a2200229 i 4500 | ||
|---|---|---|---|
| 001 | bgj | ||
| 100 | 1 | _aWYATT, Rawdon | |
| 245 | 1 | 0 |
_aFirst Certificate : _bgames and activities / _cRawdon Wyatt. |
| 260 |
_aHarlow : _bPearson Education Limited, _c2002. |
||
| 300 |
_a175 pp : _bill., photos ; _c30 cm. |
||
| 490 | 1 | _aPenguin English Photocopiables / edited by Peter Watcyn-Jones | |
| 650 | 9 |
_aEnglish language _xStudy and teaching _xForeign speakers |
|
| 650 | 9 |
_aActivity programmes in education _xFirst Certificate |
|
| 650 | 9 |
_aGames in education _xFirst Certificate |
|
| 830 | 0 | _aPenguin English Photocopiables (edited by Peter Watcyn-Jones) | |
| 020 | _a0582514649 | ||
| 040 | _cBPK | ||
| 041 | 0 | _aeng | |
| 920 | _a0-582-51464-9 | ||
| 942 | _cKS | ||
| 008 | s uk f |000 0 eng | ||
| 999 |
_c48330 _d48330 |
||
| 856 |
_uhttp://koha.tu.koszalin.pl/cgi-bin/koha/opac-detail.pl?biblionumber=48330 _yKatalog online BPK |
||